000 00667nam a2200289Ia 4500
005 20260324141539.0
008 008 260324s9999 xx 000 0 eng d
020 _a9780203138670
037 _aEBOOK
040 _aCRL
040 _beng
040 _cCRL
041 _2eng
041 _aeng
084 _qCRL
100 _aJohn Eade
_91208599
245 0 _aLiving the Global City
245 0 _bGlobalization as Local Process
260 _bTaylor and Francis
260 _c1997
365 _a
365 _b230
856 _uhttp://www.taylorfrancis.com/books/9780203138670
942 _cEBOOK
999 _c1811816
_d1811816